000 00655nam a2200205Ia 4500
001 4926
003 GE_BSU
008 181216s||||||||xx |||||||||||||| ||und||
040 _cGE_BSU
080 _a621.001.2(035)
100 _aАнурьев,В.И.
245 _aСправочник конструктора-машиностроителя.
250 _a3-е перераб. дополн.
260 _aМ.
260 _bМашиностроение.
260 _c1967.
300 _a688стр.с илл.27см.библиогр.:47наим.
653 _aСправочник конструктора-машиностроителя.
942 _cBK
999 _c38681
_d38681